Responses for show #8059 - Thursday, September 26, 2019

Jason Zuffranieri game 20.

Contestants

[<< previous game]

Gabe Brison-Trezise, a researcher from Washington, D.C.

Christine Ryan, an associate producer from Washington, D.C.

Jason Zuffranieri, a math teacher from Albuquerque, New Mexico (whose 19-day cash winnings total $532,496)

[next game >>]

Jeopardy! Round responses

CIRCLE OF LIFE
NAMES IN POLITICS
STATE OF THE STATE FOREST
NEWER TO THE LANGUAGE
BACHELOR OF ARTS
FINISH LINES
    $200 29
[The end-of-round signal sounds.]

crazy

Jason
    $200 20
Virginia Military Institute

Jason
    $200 10
Michigan

Jason
    $200 28
airplane

Gabe
    $200 27
van Gogh

Christine
    $400 25
the wagons

Jason
    $400 19
Secretary of the Treasury

Gabe
    $400 22
Oregon

Jason
    $400 26
Bourgeoisie

Christine
    $400 24
(Alex: Less than a minute now.)

Beethoven

Christine
    $400 23
Empire State Building

Jason
    $600 17
Do not enter

Jason
    $600 8
South Bend

Gabe
    $600 21
Massachusetts

Gabe
    $600 16
(Alex: Greatest of all time.)

GOAT

Christine
    $600 6
(Edvard) Munch

Jason
    $600 18
Champs-Élysées

Christine
    $800 15
crop circles

Christine
    $800 3
Pritzker

Jason
    $1,600 9
Minnesota

Gabe
    $800 13
Z

Gabe
    $800 4
Nureyev

Jason
    $800 12
(Alex: Yep, Kentucky Derby home.)

Churchill Downs

Christine
    $1000 7
Vitruvius

Gabe
    $1000 2
Elijah

Jason
    $1000 14
(Christine: What is Oregon?)

Connecticut

JasonChristine
    $1000 5
too long

Christine
    $1000 1
Handel

Jason
    $1000 11
Cannonball Run

Jason

Scores at the first commercial break (after clue 15):

Jason Christine Gabe
$6,400 $1,600 $4,000

Scores at the end of the Jeopardy! Round:

Jason Christine Gabe
$8,600 $3,800 $5,200

Double Jeopardy! Round responses

HIP-HOP MUSICIANS' REAL NAMES
CHARACTERS IN THE WORK
PENCILS
ANIMAL ANATOMY
PRE "SCH"OOL
FINNISH LINES
    $400 28
Snoop Dogg

Gabe
    $400 12
Beowulf

Christine
    $400 13
erasers

Gabe
    $400 30
koalas

Gabe
    $400 26
schedule

Jason
    $400 29
Gateway Arch

Christine
    $800 6
Post Malone

Jason
    $800 1
Of Mice and Men

Jason
    $800 18
graphite

Gabe
    $800 23
hamster

Jason
    $800 25
(Alex: Less than a minute now.)

schnoz

Christine
    $800 27
Linux

Jason
    $1200 5
Cardi B

Gabe
    $1200 3
Don Quixote

Jason
    $1200 24
(Christine: What is darker?)

lighter

JasonChristine
    $2,000 9
(Christine: What are ungulates?)

ruminants

Christine
    $1200 15
a schism

Christine
    $1200 19
Nokia

Jason
    $1600 4
(Christine: Uh, who is Flavor Flav?)
(Alex: No.)
(Christine: [Whispers] Oh, damn.)

Chuck D

JasonChristine
    $1600 8
Christine: What is the [*]?)

Life of Pi

Christine
    $1600 22
(Gabe: What is mesquite?)

cedar

ChristineGabe
    $1600 10
(Gabe: What's an ox?)

deer

Gabe
Triple Stumper
    $1600 16
Schnauzer

Jason
    $4,000 14
(Alex: Talking about Finland here.)

Soviet Union

Gabe
    $2000 2
Macklemore

Gabe
    $2000 7
(Gabe: Uh, what is No Country for Old Men?)

Blood Meridian

ChristineGabe
    $2000 21
etude

Gabe
    $2000 11
chitin

Triple Stumper
    $2000 17
schloss

Christine
    $2000 20
(Paavo) Nurmi

Jason

Scores at the end of the Double Jeopardy! Round:

Jason Christine Gabe
$21,000 $9,000 $11,200

[wagering suggestions for these scores]

Final Jeopardy! Round responses

WORLD LANDMARKS
ChristineWhat is the Sears Tower
$8,900
GabeWhat is Sydney Opera House?
$11,200
JasonWhat is the Prado?
$1,500
Sydney Opera House

Final scores:

Jason Christine Gabe
$19,500 $100 $22,400
2nd place: $2,000 3rd place: $1,000 New champion: $22,400

Game dynamics:

Coryat scores:

Jason Christine Gabe
$21,000 $11,000 $8,000
25 R,
0 W
16 R,
4 W
(including 1 DD)
15 R
(including 2 DDs),
3 W

Combined Coryat: $40,000

The J! Archive is created by fans, for fans. The Jeopardy! game show and all elements thereof, including but not limited to copyright and trademark thereto, are the property of Jeopardy Productions, Inc. and are protected under law. This website is not affiliated with, sponsored by, or operated by Jeopardy Productions, Inc. Join the discussion at JBoard.tv.